000 00619nam a22002177a 4500
003 OSt
005 20220107122729.0
008 140203b xxu||||| |||| 00| 0 eng d
020 _a9780470844076
040 _cIIITM-K
082 _a006.454 LEV/M
100 _aLevinson, Stephen E
_92878
245 _aMathematical models for speech technology
_cby Stephen E Levinson
260 _aUK,
_bWiley,
_c2005.
300 _axx, 261p.
650 _aSPEECH TECHNOLOGY
_92879
650 _aMAN-MACHINE INTERFACE
_92880
650 _aNATURAL LANGUAGE PROCESSING
_92881
650 _aSPEECH RECOGNITION
_92882
942 _2ddc
_cBK
999 _c3520
_d3520